000 00849nam a22002177a 4500
005 20240530110902.0
008 220214s2009 ua g 000 0 ara d
017 _bمصر. دار الكتب
020 _a9789953822860
040 _aEG-CaGPL
_cEG-CaGPL
082 0 4 _221
_a321.8/
_bم م
110 0 _aمركز دراسات الوحدة العربية
245 1 2 _aمؤشرات قياس الديمقراطية فى البلدان العربية :
_bوقائع ورشة عمل /
_cمركز دراسات الوحدة العربية
250 _aط. 1
260 _aبيروت :
_bمركز دراسات الوحدة العربية،
_c2009
300 _a167 ص. ؛
_c24 سم
650 0 7 _2qrmak
_aالديمقراطية
651 _2qrmak
_aالدول العربية
942 _2ddc
_cBK
999 _c66152
_d66152